Feed ingredients and fertilizers for farmed aquatic animals : (Record no. 15721)

000 -LEADER
fixed length control field 01751cam a2200277 a 4500
020 ## - INTERNATIONAL STANDARD BOOK NUMBER
ISBN 9789251064214
020 ## - INTERNATIONAL STANDARD BOOK NUMBER
ISBN 9251064210
040 ## - CATALOGING SOURCE
Transcribing agency NLGGC
082 ## - DEWEY DECIMAL CLASSIFICATION NUMBER
Classification number 639 FOO 2009 A056 Or.
100 1# - MAIN ENTRY--AUTHOR NAME
Personal name Tacon, Albert G. J.
245 10 - TITLE STATEMENT
Title Feed ingredients and fertilizers for farmed aquatic animals :
Remainder of title sources and composition /
260 ## - PUBLICATION, DISTRIBUTION, ETC. (IMPRINT)
Place of publication Rome :
Name of publisher Food and Agriculture Organization of the United Nations,
Year of publication 2009.
300 ## - PHYSICAL DESCRIPTION
Number of Pages ix, 209 p. ;
Dimensions 30 cm.
490 1# - SERIES STATEMENT
Series statement FAO fisheries and aquaculture technical paper,
520 ## - SUMMARY, ETC.
Summary, etc Presents an overview of the major feed ingredient sources and feed additives commonly used within industrially compounded aquafeeds, including feed ingredient sources commonly used within farm-made aquafeeds, and major fertilizers and manures used in aquaculture for live food production. Information is provided concerning the proximate and essential amino acid composition of common feed ingredient sources, as well as recommended quality criteria and relative nutritional merits and limitations, together with a bibliography of published feeding studies for major feed ingredient sources by cultured species. Major feed ingredient and fertilizer groupings discussed include: animal protein sources, plant protein sources, single cell protein sources, lipid sources, other plant ingredients, feed additives, and fertilizers and manures.--Publisher's description.
650 #0 - SUBJECT ADDED ENTRY--TOPICAL TERM
Topical Term Fishes
650 #0 - SUBJECT ADDED ENTRY--TOPICAL TERM
Topical Term Crustacea
650 #0 - SUBJECT ADDED ENTRY--TOPICAL TERM
Topical Term Hatchery fishes
650 #0 - SUBJECT ADDED ENTRY--TOPICAL TERM
Topical Term Hatchery fishes
650 #0 - SUBJECT ADDED ENTRY--TOPICAL TERM
Topical Term Hatchery fishes
650 #0 - SUBJECT ADDED ENTRY--TOPICAL TERM
Topical Term Aquaculture.
700 1# - ADDED ENTRY--PERSONAL NAME
Personal name Hasan, Mohammad R.
710 2# - ADDED ENTRY--CORPORATE NAME
Corporate name or jurisdiction name as entry element Food and Agriculture Organization of the United Nations.
856 41 - ELECTRONIC LOCATION AND ACCESS
Uniform Resource Identifier http://www.fao.org/docrep/012/i1142e/i1142e.pdf
942 ## - ADDED ENTRY ELEMENTS (KOHA)
Koha item type សៀវភៅភាសាអង់គ្លេស
952 ## - LOCATION AND ITEM INFORMATION (KOHA)
Withdrawn status [LOCAL, KOHA] 0
Holdings
Permanent Location Date acquired Koha item type Lost status Shelving location Barcode Current Location Full call number
Library Block A2017-12-06សៀវភៅភាសាអង់គ្លេស A056RUA060500Library Block A639 FOO 2009 A056 Or.
មជ្ឈមណ្ឌលឯការនៃសាកលវិទ្យាល័យភូមិន្ទកសិកម្មចំការដូង

Powered by Koha